| 000 | 01351nam0a22003251 4500 | ||
|---|---|---|---|
| 001 | rc\2807954 | ||
| 005 | 20260406114149.0 | ||
| 035 | _a(NLR Aleph) 006933836 | ||
| 090 |
_a7575253 _c7575253 |
||
| 100 | _a20110915d1936 |||y0rusy50 ca | ||
| 101 | 0 | _arus | |
| 102 | _aRU | ||
| 105 | _ay z ||||| | ||
| 200 | 1 |
_aПриключения Тома Сойера _eИзбранные отрывки _fРед. и комментарии Б. А. Ильиша... |
|
| 210 |
_aМосква _aЛенинград _cГос. учеб.-педагог. изд-во _d1936 |
||
| 215 |
_a104 с. _cзаставки, концовки _d18х13 см. |
||
| 225 | 1 | _aШкольная библиотека | |
| 300 | _aПереплет: П. Н. Григорьевский | ||
| 300 | _aЗаставки и концовки: И. П. Королев | ||
| 300 | _aНа переплете: "Mark Twain. The adventures of Tom Sawyer" | ||
| 300 | _aТекст на англ. яз. | ||
| 700 | 1 |
_8rus _7ca _aТвен _bМ. _f1835-1910 _gМарк _3RU\NLR\auth\77201 _9110265 |
|
| 702 | 1 |
_4730 _4212 _7ca _8rus _aИльиш _bБ. А. _f1902-1971 _gБорис Александрович _9208978 _3RU\NLR\AUTH\770209032 |
|
| 801 | 0 |
_aRU _bNLR _gpsbo |
|
| 801 | 1 |
_aRU _bELAR _2rusmarc |
|
| 852 |
_aNLR _j36-2/697 |
||
| 852 |
_aNLR _jЯ60 В-3/67 |
||
| 942 | _cBOOK | ||
| 980 | _aNB | ||